000 00688nam a2200169 a 4500
001 000035105
005 20200930074116.0
008 111025s1909 sp 000 0 spa d
040 _aDO-SdBNP
_bspa
_cBNPHU
082 _axxxx
_bO52p
100 1 _aOlona, Federico
_960776
245 1 0 _a¡Pasional...! :
_bZarzuela dramática en un acto y tres cuadros, en prosa y versos /
_cFederico e Ignacio Olona ; música Roberto G. Ortells.
260 _aMadrid :
_bR. Velasco,, impresor, Marqués de Santa Ana,
_c1909.
300 _a39 p. ;
_c20 cm.
500 _aEstrenada con extraordinario éxito en el Teatro Barbieri la noche del 5 de marzo de 1909.
700 1 2 _aOrtells, Roberto G.,
_emús.
_960777
999 _c34596
_d34596